[Event "Chinggis Invitational IV 2018"]
[Site "Ulaanbaatar"]
[Date "2018.08.12"]
[Round "5"]
[White "Lkhagvasuren, Tsedvee"]
[Black "Izoria, Zviad"]
[Result "1/2-1/2"]
[WhiteElo "2280"]
[BlackElo "2606"]
[Annotator "TA"]
[PlyCount "154"]
[EventDate "2018.08.08"]
[EventType "tourn"]
[EventCountry "MGL"]
[SourceTitle "playchess.com"]
[Source "ChessBase"]
[SourceQuality "1"]

{[%evp 15,154,0,0,0,27,25,34,34,35,36,31,21,26,28,21,7,7,2,9,0,0,-10,-6,-41,-40,-37,-31,-41,-35,-34,-34,-34,-25,-56,-59,-45,-53,-66,-66,-66,-67,-70,-55,-55,-55,-62,-62,-99,-46,-47,-48,-68,-68,-68,-68,-100,-82,-85,-88,-89,-77,-93,-75,-67,-69,-125,-69,-65,-59,-91,-87,-206,-220,-216,-73,-73,-83,-131,-86,-71,-43,-67,-8,-8,-8,-144,-83,-82,-81,-81,-80,-375,-229,-220,-220,-156,-206,-184,0,-117,0,-163,-95,-101,-101,-101,-102,-101,-95,-95,-96,-96,-96,-96,-97,-121,-108,-114,-133,-1257,-1237,-1168,-1115,-918,-333,-333,0,-595,-326,-303,-277,-269,-8,-8,0,0,0,0,0,0,0]} 1. d4 g6 2. e4 d6 3. Nf3 Nf6 4. Nc3 Bg7 5. h3 O-O 6. Be3 a6 7. Bd3 b5 8. Ne2 {B08: Pirc Defence: Classical System} (8. e5 dxe5 9. dxe5 Nd5 10. Bd2 Bb7 11. Ne4 Nd7 12. e6 f5 13. exd7 fxe4 14. Bxe4 Bxb2 15. O-O Bxa1 16. Qxa1 Qxd7 {½-½ (25) Fressinet,L (2662)-Sethuraman,S (2629) Sharjah 2017}) 8... Nbd7 {LiveBook: 3 Games} 9. O-O e5 10. dxe5 {White has an edge.} Nxe5 11. Nxe5 dxe5 12. a4 Bd7 13. axb5 $146 ({Predecessor:} 13. Qd2 bxa4 {1-0 (57) Moser,E (2447)-Manca,F (2355) Austria 2005}) 13... axb5 14. Qd2 Qb8 15. Ng3 Qb7 16. Qc3 Be6 17. f3 Nd7 18. Qb4 Rfb8 19. Kh1 Bf8 20. Qd2 c5 {[%cal Bc7c5,Bc5c4][%mdl 32]} 21. Be2 c4 22. Rfd1 Qc7 23. Nf1 Nc5 24. Bg1 Rxa1 25. Rxa1 Na4 26. c3 Rd8 27. Qc2 Bc5 28. Bxc5 Qxc5 29. Rd1 Rc8 30. Rd2 Kg7 31. Bd1 Ra8 (31... Qb6 $17) 32. Qc1 $15 Nb6 {[%cal Ba4b6,Bb6d7,Bd7c5,Bc5d3][%mdl 32]} 33. Bc2 b4 34. cxb4 Qxb4 35. Bd1 Nd7 $1 36. Ne3 Nc5 $1 37. Qc3 Qxc3 38. bxc3 Ra3 39. Rc2 f5 40. exf5 (40. Be2 $1 $15) 40... gxf5 (40... Bxf5 $17 41. Nxf5+ gxf5) 41. Be2 Nd3 42. Kh2 Kf6 43. g4 (43. h4 $17 {was worth a try.}) 43... f4 $19 44. Nd1 e4 (44... Bd5 $19 45. Rd2 Ra1 46. Bxd3 cxd3 47. Rxd3 Bxf3 $1 {[%mdl 512]} 48. Rxf3 Rxd1) 45. fxe4 $17 Ke5 46. g5 Kxe4 47. Bh5 Bd5 48. g6 hxg6 (48... h6 $1 $15) 49. Bxg6+ $11 Ke5 50. Rd2 (50. Re2+ $11 {remains equal.} Kf6 51. Bxd3 cxd3 52. Rd2) 50... Nc5 (50... Ne1 $142 $1 {[%cal Re1f3]} 51. Re2+ Kf6 52. Rxe1 Ra2+ 53. Kg1 Kxg6) 51. h4 $17 Ne4 52. Bxe4 Bxe4 {[%mdl 4096] Endgame KRB-KRN} 53. Nf2 $2 {[%mdl 8192]} (53. h5 $17) 53... Bf3 54. Rc2 Kf5 55. Kg1 {[#]} Ra1+ $1 56. Kh2 Ra3 (56... Ra8 $19 57. Rb2 Rg8 58. Rb5+ Kf6) 57. Kg1 $1 Ra1+ 58. Kh2 Rf1 (58... Ra8 $19 59. Rb2 Rg8 60. Rb5+ Kf6 61. Rb6+ Ke5) 59. Ra2 Kg6 60. Kh3 Rg1 61. Ra6+ Kg7 62. Ra7+ Kf6 63. Ra6+ Kf7 {Hoping for ...Rg3+.} 64. Ra7+ Ke6 {...Rg3+ is the strong threat.} 65. Ra6+ Ke7 {White must now prevent ...Rg3+.} 66. Ra7+ Ke8 67. h5 $2 {[%mdl 8192]} (67. Ra2 $17) 67... Rg5 $19 {[%cal Rg5h5]} 68. Rh7 Rg2 69. Nh1 Rg1 $2 (69... Kf8 70. h6 Rg5) 70. Nf2 Rg2 $2 (70... Rg3+ 71. Kh4 Rg2) 71. Nh1 $1 Rc2 72. Rc7 Bxh1 ({Less strong is} 72... Rxc3 73. h6 $11) 73. h6 {[#]} Rxc3+ $2 ({Black should play} 73... Bd5 $1 $19 {[%cal Rd5e6] And now ...Be6+ would win.} 74. Kg4 Rh2) 74. Kg4 $11 {Intending h7 and mate.The position is equal.} Be4 {aiming for ...f3.} 75. Kxf4 Bg6 76. h7 {[#]} Bxh7 $1 77. Rxh7 Rc1 {Precision: White = 48%, Black = 54%.} 1/2-1/2

[Event "Chinggis Invitational IV 2018"]
[Site "Ulaanbaatar"]
[Date "2018.08.12"]
[Round "5"]
[White "Lkhagvasuren, Tsedvee"]
[Black "Izoria, Zviad"]
[Result "*"]
[WhiteElo "2280"]
[BlackElo "2606"]
[Annotator "TA"]
[PlyCount "28"]
[EventDate "2018.08.08"]
[EventType "tourn"]
[EventCountry "MGL"]
[SourceTitle "playchess.com"]
[Source "ChessBase"]
[SourceQuality "1"]

{[%evp 20,23,10,-15,-7,-21]} 1. d4 Nf6 2. c4 e6 3. Nf3 d5 4. g3 dxc4 5. Bg2 Bb4+ 6. Bd2 a5 7. Qc2 {E04: Open Catalan: 5 Nf3} (7. a3 Bd6 8. Qa4+ Nc6 9. O-O O-O 10. Qxc4 e5 11. dxe5 Nxe5 12. Nxe5 Bxe5 13. Qc2 c6 14. Bc3 Qe7 {½-½ (77) Fedoseev,V (2707)-Shankland,S (2727) Danzhou 2018}) 7... Bxd2+ 8. Qxd2 c6 9. a4 Ne4 10. Qc1 Nd6 11. Ne5 {LiveBook: 4 Games} Qb6 12. e3 {Predecessor:} f6 $146 13. Nxc4 Nxc4 14. Qxc4 Qxb2 {1-0 (36) Palac,M (2546)-Korchmar,V (2411) Batumi 2018} *

[Event "Chinggis Invitational IV 2018"]
[Site "Ulaanbaatar"]
[Date "2018.08.13"]
[Round "6"]
[White "Robson, Ray"]
[Black "Ganguly, Surya Shekhar"]
[Result "*"]
[WhiteElo "2670"]
[BlackElo "2652"]
[Annotator "TA"]
[PlyCount "33"]
[EventDate "2018.08.08"]
[EventType "tourn"]
[EventCountry "MGL"]
[SourceTitle "playchess.com"]
[Source "ChessBase"]
[SourceQuality "1"]

{[%evp 19,23,45,62,39,41,40]} 1. Nf3 c5 2. e4 e6 3. d4 cxd4 4. Nxd4 Nc6 5. Nc3 d6 6. Be3 Nf6 7. f3 Be7 8. Qd2 O-O 9. g4 Nd7 {B80: Sizilianisch (Scheveninger System)} (9... d5 10. g5 Nxd4 11. Qxd4 Nd7 12. exd5 Bxg5 13. O-O-O e5 14. Qd2 Bxe3 15. Qxe3 Qb6 16. Qe1 Qh6+ 17. Kb1 a6 18. Bd3 f5 19. d6 Kh8 20. Rg1 {1-0 (70) Wang,H (2706)-Shengelia,D (2557) Czech Republic 2018}) 10. O-O-O Nde5 {LiveBook: 7 Partien. Schwarz will ...Sxd4 spielen.} 11. Qf2 a6 12. Kb1 {Vorgänger:} Qc7 $146 13. h4 b5 14. Bd3 Bb7 15. g5 Rac8 16. h5 Nxd4 17. Bxd4 {1-0 (36) Gazik,V (1977)-Sajtlava,I (1886) Slovakia 2012} *

[Event "Chinggis Invitational IV 2018"]
[Site "Ulaanbaatar"]
[Date "2018.08.13"]
[Round "6"]
[White "Robson, Ray"]
[Black "Shomoev, Anton"]
[Result "1-0"]
[WhiteElo "2670"]
[BlackElo "2552"]
[Annotator "TA"]
[PlyCount "51"]
[EventDate "2018.08.08"]
[EventType "tourn"]
[EventCountry "MGL"]
[SourceTitle "playchess.com"]
[Source "ChessBase"]
[SourceQuality "1"]

{[%evp 25,51,6,0,0,101,111,198,172,242,246,240,240,328,332,320,362,514,503,748,748,902,746,1083,1067,2363,2352,1386,1592]} 1. e4 c5 2. Nf3 d6 3. d4 cxd4 4. Nxd4 Nf6 5. Nc3 {[%cal Bb1c3,Bc3e2,Be2f4][%mdl 32]} a6 6. Be3 e6 7. f3 b5 {[%cal Bb7b5,Bb5b4][%mdl 32]} 8. Qd2 Nbd7 9. g4 b4 {B80: Sizilianisch (Scheveninger System)} (9... h6 10. O-O-O b4 11. Na4 Ne5 12. Kb1 Bd7 13. b3 Bxa4 14. bxa4 Qc7 15. Be2 Be7 16. h4 Nc4 17. Bxc4 Qxc4 18. Qd3 {1-0 (49) Caruana,F (2802)-Hou,Y (2652) chess.com INT 2017}) 10. Nce2 h6 11. O-O-O Qc7 12. h4 d5 13. exd5 Nxd5 {LiveBook: 8 Partien} 14. Nf4 Nxe3 (14... N7b6 $11 {hält das Gleichgewicht.}) 15. Qxe3 $16 Qe5 (15... Ne5 $16 {war angesagt.}) 16. Qd2 $1 $18 Bc5 {[#]} (16... Qd6 $142) 17. Nf5 $1 {[#]} ({Und nicht} 17. Nc6 Qc7 $17) 17... O-O $146 {[#]} 18. Re1 $1 Qxe1+ 19. Qxe1 exf5 20. g5 {[%cal Bg4g5,Bg5h6,Bh6g7][%mdl 32]} ({Schwächer ist} 20. gxf5 Nf6 $16) 20... Bd6 (20... Bb7 $142 21. gxh6 Bxf3) 21. Qd2 {Weiß steht klar auf Gewinn.} Be5 22. gxh6 Bb7 23. hxg7 ({Vergiftet wäre} 23. Qxd7 $2 Bxf4+ 24. Kb1 Rfd8 $19) 23... Rfe8 24. Nh5 {Weiss droht Dh6 und Matt.} Nf6 25. Nxf6+ Bxf6 26. Qh6 {Precision: Weiß = 100%, Schwarz =  0%.} 1-0

[Event "Chinggis Invitational IV 2018"]
[Site "Ulaanbaatar"]
[Date "2018.08.13"]
[Round "6"]
[White "Ganguly, Surya Shekhar"]
[Black "Bocharov, Dmitry"]
[Result "0-1"]
[WhiteElo "2652"]
[BlackElo "2573"]
[Annotator "TA"]
[PlyCount "114"]
[EventDate "2018.08.08"]
[EventType "tourn"]
[EventCountry "MGL"]
[SourceTitle "playchess.com"]
[Source "ChessBase"]
[SourceQuality "1"]

{[%evp 16,114,49,48,50,53,41,33,41,7,15,0,10,15,24,18,32,23,44,0,0,-35,-30,-39,-33,-35,-35,-48,-46,-54,-61,-75,-57,-77,-62,-210,-202,-208,-182,-262,-271,-274,-264,-314,-255,-333,-319,-458,-352,-600,-586,-547,-314,-336,-310,-372,-370,-361,-327,-295,-297,-388,-392,-412,-415,-430,-397,-397,0,-354,-354,-349,-321,-452,-422,-387,-281,-308,-280,-342,-342,-316,-312,-410,-367,-457,-395,-663,-654,-666,-656,-29985,-29986,-29986,-29987,-29972,-29973,-29991,-2275,-29992,-29993]} 1. e4 c5 2. Nf3 e6 3. d4 cxd4 4. Nxd4 a6 5. c4 Nf6 6. Nc3 Qc7 7. Be2 Bb4 8. Nc2 Bxc3+ {B41: Sicilian: Kan Variation: 5 c4} (8... Be7 9. f4 O-O 10. O-O d6 11. Qd3 b6 12. b4 Bb7 13. Bb2 Nbd7 14. a3 Rac8 15. Rac1 Qb8 16. Qg3 {½-½ (33) Miton,K (2596)-Smirin,I (2625) Czech Republic 2017}) 9. bxc3 {LiveBook: 6 Games} d6 10. f3 O-O $146 {White is slightly better.} ({Predecessor:} 10... Nbd7 11. Bg5 Nc5 12. Bh4 Bd7 13. Qd4 e5 14. Qd2 Be6 15. O-O Nh5 16. Rfd1 {1-0 (47) Valinova,J (2354)-Skonieczna,B (2343) ICCF email 2013}) 11. O-O Nbd7 12. Qd4 e5 13. Qf2 Nc5 14. Bg5 Nfd7 15. a4 f6 16. Be3 b6 17. Qg3 Bb7 18. Rfd1 Bc6 19. Nb4 Bxa4 20. Rd2 a5 21. Nd5 Qd8 $1 22. Bf2 Nb3 23. Rxa4 {Strongly threatening Rb2.} Nxd2 {[#]} 24. c5 $1 {[%cal Rc5c6][%mdl 512]} b5 ({Of course not} 24... dxc5 $6 25. Ra2 $14) (24... bxc5 25. Be3) 25. Bxb5 ({Only move:} 25. Ra2 $15 Nb3 26. cxd6) 25... Rb8 $19 ({Not} 25... dxc5 26. Ra2 $11) 26. c4 {aiming for c6.} Nxc5 27. Bxc5 (27. Ra3 $142 Ndb3 28. h4) 27... dxc5 28. Ra3 {[#]} a4 $1 29. Rxa4 Nb3 30. Qf2 Nd4 31. Qa2 (31. h4 $142) 31... Ra8 32. Ra3 $2 (32. Rxa8 Qxa8 33. Qb1) 32... Rxa3 33. Qxa3 Qd6 34. h3 g6 35. Qa7 f5 36. Ba4 Rf7 37. Qa8+ Kg7 38. Be8 {[#]} Rf8 $1 39. Qa7+ Kh6 40. Ba4 Rb8 41. Bb5 Rf8 ({Don't play} 41... Nxb5 42. cxb5 Rxb5 43. Qf7 $19) 42. Ba4 $1 fxe4 43. fxe4 Ne6 44. Kh2 (44. Qa5 $142) 44... Ng5 45. Bc2 Rf7 46. Qa3 Kg7 47. Qg3 Ne6 48. Bd1 Nf4 49. Ba4 h6 {[%cal Bh7h6,Bh6h5][%mdl 32]} 50. Ne3 Kh7 51. Ng4 $2 (51. Nd5 Ra7 52. Bc2) 51... h5 52. Ne3 Qd2 {( -> ...Ne2)} 53. Be8 Ne2 54. Nf1 Qd4 {[%csl Ge2][%cal Rd4g1]} 55. Qe3 Rxf1 56. Qxe2 Qg1+ 57. Kg3 Rf4 {Precision: White = 38%, Black = 83%.} 0-1

[Event "Chinggis Invitational IV 2018"]
[Site "Ulaanbaatar"]
[Date "2018.08.13"]
[Round "6"]
[White "Durarbayli, Vasif"]
[Black "Lkhagvasuren, Tsedvee"]
[Result "1-0"]
[WhiteElo "2633"]
[BlackElo "2280"]
[Annotator "TA"]
[PlyCount "75"]
[EventDate "2018.08.08"]
[EventType "tourn"]
[EventCountry "MGL"]
[SourceTitle "playchess.com"]
[Source "ChessBase"]
[SourceQuality "1"]

{[%evp 25,75,51,70,58,95,84,89,69,79,58,61,39,40,41,65,58,53,58,131,79,207,210,202,199,187,161,139,156,147,148,137,35,52,51,47,0,0,-110,-111,-107,0,0,97,105,311,302,510,495,829,828,804,804]} 1. e4 e5 2. Nf3 Nc6 3. Bb5 a6 4. Ba4 Nf6 5. O-O Be7 6. Re1 b5 7. Bb3 d6 8. c3 {[%cal Bc2c3,Bc3c4][%mdl 32]} O-O 9. h3 Nb8 10. d4 Nbd7 11. c4 Bb7 12. Nc3 {C95: Closed Ruy Lopez: Breyer Variation with 10 d4} b4 13. Nd5 a5 {[#] LiveBook: 3 Games} 14. a3 $146 {White is slightly better.} ({Predecessor:} 14. Ba4 c6 15. Nxf6+ Bxf6 16. Be3 Qc7 17. d5 c5 18. Bc2 Nb6 19. Bd3 a4 {1-0 (63) Zhigalko,S (2656)-Nguyen,N (2634) Berlin 2015}) 14... c6 15. Nxe7+ Qxe7 16. Nh4 {Strongly threatening Nf5.} g6 17. Bh6 Rfe8 18. axb4 axb4 19. Rxa8 Bxa8 20. Qd2 Nh5 21. Bg5 Qf8 (21... Nhf6 $1 $14) 22. Bd1 $36 {[%mdl 2048] Black is under strong pressure.} (22. Nf3 $142) 22... f6 (22... Ng7 $16) 23. Bh6 $18 Ng7 {With the idea ...exd4.} 24. Bg4 Qe7 25. Bxd7 Qxd7 {[#]} 26. dxe5 $1 Rxe5 27. Nf3 ({But not} 27. Qxb4 $6 c5 $11) 27... Re7 28. Qxb4 (28. Bf4 $16) 28... c5 $14 29. Qc3 Bxe4 30. Qxf6 Rf7 31. Qxf7+ (31. Qg5 $11 {keeps the balance.} Bxf3 32. gxf3) 31... Qxf7 $17 32. Ng5 Qd7 (32... Qxc4 $17 33. Rxe4 Qb5) 33. Nxe4 $11 Ne8 (33... Qd8 $11) 34. Re3 $16 Kf7 $2 {[#]} (34... Qb7 $16 {was worth a try.}) 35. Ng5+ $1 $18 Kf6 $2 (35... Kg8 36. Rf3 Ng7) 36. g4 {White is clearly winning.} Nc7 (36... Qc8 $142 37. Nxh7+ Kf7 38. Ng5+ Kf6) 37. Rf3+ Ke5 38. Rf7 {Precision: White = 77%, Black = 33%.} 1-0

[Event "Chinggis Invitational IV 2018"]
[Site "Ulaanbaatar"]
[Date "2018.08.13"]
[Round "6"]
[White "Abasov, Nijat"]
[Black "Izoria, Zviad"]
[Result "*"]
[WhiteElo "2623"]
[BlackElo "2606"]
[Annotator "TA"]
[PlyCount "47"]
[EventDate "2018.08.08"]
[EventType "tourn"]
[EventCountry "MGL"]
[SourceTitle "playchess.com"]
[Source "ChessBase"]
[SourceQuality "1"]

{[%evp 34,39,59,55,50,55,54,27]} 1. e4 e5 2. Nf3 Nc6 3. Bb5 {[%cal Bf1b5,Bb5a4,Ba4b3][%mdl 32]} a6 4. Ba4 Nf6 5. O-O Be7 6. Re1 b5 7. Bb3 d6 8. c3 O-O 9. h3 Nb8 10. d4 Nbd7 11. Nbd2 Bb7 12. Bc2 Re8 13. Nf1 Bf8 14. Ng3 g6 15. b3 Bg7 16. d5 Nb6 {C95: Closed Ruy Lopez: Breyer Variation with 10 d4} (16... Rc8 17. c4 c6 18. Be3 Nb6 19. Nd2 cxd5 20. cxd5 Nbxd5 21. exd5 Nxd5 22. Nf3 Nxe3 23. fxe3 d5 24. Qd2 {0-1 (76) McShane,L (2671)-Adams,M (2744) London 2016}) 17. Rb1 c5 18. a4 {LiveBook: 3 Games. White is slightly better.} bxa4 19. bxa4 {[#] Black must now prevent a5.} Qc7 20. Nd2 {Predecessor:} Nfd7 $146 21. a5 Nc8 22. c4 Ne7 23. Nf3 Reb8 24. Bd2 {½-½ (35) Bailloux,S-Mack,P Norwich 1972} *

[Event "Chinggis Invitational IV 2018"]
[Site "Ulaanbaatar"]
[Date "2018.08.13"]
[Round "6"]
[White "Izoria, Zviad"]
[Black "Batchuluun, Tsegmed"]
[Result "1/2-1/2"]
[WhiteElo "2606"]
[BlackElo "2571"]
[Annotator "TA"]
[PlyCount "48"]
[EventDate "2018.08.08"]
[EventType "tourn"]
[EventCountry "MGL"]
[SourceTitle "playchess.com"]
[Source "ChessBase"]
[SourceQuality "1"]

{[%evp 20,48,0,0,1,-7,0,-6,1,-10,-8,-22,0,-14,0,0,-5,-22,-20,-16,-14,-23,-35,-47,-39,-35,0,-18,0,-58,0]} 1. d4 Nf6 2. Bf4 e6 3. e3 c5 4. c3 Nc6 5. Nd2 d5 6. Ngf3 Bd6 7. Bg5 {D02: 1 d4 d5 2 Nf3 sidelines, including 2...Nf6 3 g3 and 2...Nf6 3 Bf4} (7. dxc5 Bxc5 8. Bd3 h6 9. Qe2 Nh5 10. Bg3 Nxg3 11. hxg3 Bd7 12. e4 dxe4 13. Nxe4 Be7 14. g4 Qc7 15. g5 O-O-O 16. gxh6 gxh6 {½-½ (101) Mamedyarov,S (2809)-Nakamura,H (2787) Moscow 2018}) 7... h6 8. Bh4 O-O 9. Bd3 e5 10. dxe5 Nxe5 11. Nxe5 {LiveBook: 14 Games} Bxe5 12. Nf3 Bd6 13. Qc2 Be7 $146 ({Predecessor:} 13... Be6) 14. Bf5 Nh5 15. Bg3 Nf6 16. O-O Bxf5 17. Qxf5 Qb6 18. Qc2 Ne4 19. Rfd1 Rad8 20. Qb3 Qc6 21. Ne5 Qe6 22. Nf3 Qc6 23. Ne5 Qe6 24. Nf3 Qc6 {Precision: White = 44%, Black = 35%.} (24... Rd7 $15) 1/2-1/2

[Event "Chinggis Invitational IV 2018"]
[Site "Ulaanbaatar"]
[Date "2018.08.13"]
[Round "6"]
[White "Bocharov, Dmitry"]
[Black "Lkhagvasuren, Tsedvee"]
[Result "*"]
[WhiteElo "2573"]
[BlackElo "2280"]
[Annotator "TA"]
[PlyCount "18"]
[EventDate "2018.08.08"]
[EventType "tourn"]
[EventCountry "MGL"]
[SourceTitle "playchess.com"]
[Source "ChessBase"]
[SourceQuality "1"]

{[%evp 11,18,0,0,-28,12,27,14,20,33]} 1. d4 Nf6 2. c4 e6 3. Nf3 d5 4. Nc3 c6 5. Qd3 b6 (5... dxc4 6. Qxc4 b5 7. Qd3 a6 8. Bg5 c5 9. Bxf6 gxf6 10. d5 Bb7 11. dxe6 Qxd3 12. exf7+ Kxf7 13. exd3 Rg8 14. a4 Nc6 15. axb5 Nd4 16. Nxd4 cxd4 {½-½ (47) Aronian,L (2792)-Giri,A (2782) Leuven 2016}) 6. e4 {D43: Semi-Slav: 5 Bg5 h6} Ba6 {LiveBook: 5 Games} 7. Qe3 Bxc4 $146 ({Predecessor:} 7... dxc4 8. Be2 Be7 9. O-O Nbd7 10. Rd1 Qc7 11. b3 b5 12. bxc4 bxc4 13. Nd2 {½-½ (27) Abasov,N (2510)-Loiseau,Q (2388) Al Ain 2013}) 8. Bxc4 dxc4 9. O-O Be7 *

[Event "Chinggis Invitational IV 2018"]
[Site "Ulaanbaatar"]
[Date "2018.08.13"]
[Round "6"]
[White "Batchuluun, Tsegmed"]
[Black "Bilguun, Sumiya"]
[Result "*"]
[WhiteElo "2571"]
[BlackElo "2479"]
[Annotator "TA"]
[PlyCount "37"]
[EventDate "2018.08.08"]
[EventType "tourn"]
[EventCountry "MGL"]
[SourceTitle "playchess.com"]
[Source "ChessBase"]
[SourceQuality "1"]

{[%evp 25,36,93,115,20,24,24,24,15,15,15,24,17,21]} 1. e4 c5 2. Nf3 Nc6 3. d4 cxd4 4. Nxd4 Nf6 5. Nc3 e5 6. Ndb5 d6 7. Bg5 a6 8. Na3 b5 9. Nd5 Be7 10. Bxf6 Bxf6 11. c4 Nd4 {B33: Sizilianisch (Lasker/Pelikan/Sweschnikow-Variante)} (11... b4 12. Nc2 O-O 13. g3 Rb8 14. b3 Be6 15. h4 Rb7 16. Rc1 a5 17. Bh3 Bxd5 18. cxd5 Na7 19. Bf1 {1-0 (78) Morozevich,A (2665)-Dubov,D (2701) Moscow 2018}) 12. cxb5 Bb7 13. Nc3 O-O {LiveBook: 5 Partien. Weiß steht besser.} 14. Bd3 (14. bxa6 $16 Bc8 15. Nc2) 14... axb5 $11 15. Naxb5 d5 $1 {[%cal Rd5e4]} 16. Nxd4 {[#] Droht Sf3 und aus.} dxe4 17. Nxe4 {Schwarz muss nun Sb5 beachten.} Qxd4 18. Nxf6+ gxf6 {Vorgänger:} 19. Bf5 $146 *

[Event "Chinggis Invitational IV 2018"]
[Site "Ulaanbaatar"]
[Date "2018.08.13"]
[Round "6"]
[White "Shomoev, Anton"]
[Black "Durarbayli, Vasif"]
[Result "*"]
[WhiteElo "2552"]
[BlackElo "2633"]
[Annotator "TA"]
[PlyCount "35"]
[EventDate "2018.08.08"]
[EventType "tourn"]
[EventCountry "MGL"]
[SourceTitle "playchess.com"]
[Source "ChessBase"]
[SourceQuality "1"]

{[%evp 19,35,0,0,-3,0,0,-13,-4,0,0,8,8,8,7,17,22,38,27]} 1. e4 e5 2. Nf3 Nc6 3. Bb5 Nf6 4. d3 Bc5 5. Bxc6 dxc6 6. Nbd2 {C65: Ruy Lopez: Berlin Defence (3...Nf6), unusual lines and 4 0-0 Bc5} (6. O-O Qe7 7. h3 Rg8 8. Kh1 Nh5 9. c3 g5 10. Nxe5 g4 11. d4 Bd6 12. g3 Bxe5 13. dxe5 Qxe5 {0-1 (27) Aronian,L (2794)-Kramnik,V (2800) Berlin 2018}) 6... Be6 7. O-O Nd7 8. Nb3 Bb6 9. Ng5 Bxb3 10. axb3 Qe7 {LiveBook: 3 Games} 11. Kh1 f6 12. Nf3 {[%cal Bg5f3,Bf3d2,Bd2c4][%mdl 32]} a6 13. Nd2 O-O-O {[#]} 14. Nc4 $146 Ba7 15. f4 {[%cal Bf2f4,Bf4e5][%mdl 32]} Kb8 16. Bd2 Bd4 17. Bc3 Nb6 18. fxe5 *

[Event "Chinggis Invitational IV 2018"]
[Site "Ulaanbaatar"]
[Date "2018.08.13"]
[Round "6"]
[White "Bilguun, Sumiya"]
[Black "Abasov, Nijat"]
[Result "0-1"]
[WhiteElo "2479"]
[BlackElo "2623"]
[Annotator "TA"]
[PlyCount "104"]
[EventDate "2018.08.08"]
[EventType "tourn"]
[EventCountry "MGL"]
[SourceTitle "playchess.com"]
[Source "ChessBase"]
[SourceQuality "1"]

{[%evp 18,104,8,0,42,0,2,-27,-20,-29,-15,-32,-20,-48,-64,-51,-70,-68,-75,-189,-166,-350,-81,-77,-25,-31,19,-46,39,-12,0,-56,0,-59,-52,-170,-78,-47,-97,-107,-36,-167,-174,-175,-169,-772,-769,-727,-373,-360,-369,-344,-365,-428,-438,-513,-485,-577,-566,-795,-748,-788,-657,-656,-521,-512,-512,-488,-576,-545,-563,-624,-601,-1097,-1096,-1095,-1095,-1230,-638,-679,-675,-737,-733,-1050,-1027,-962,-888,-2001,-1455]} 1. e4 e5 2. Nf3 Nc6 3. Bc4 Bc5 4. O-O Nf6 5. d3 d6 6. c3 a6 7. a4 O-O 8. Bb3 {C54: Italienische Partie (Hauptvariante)} (8. Re1 h6 9. h3 Re8 10. Nbd2 Be6 11. b4 Bxc4 12. Nxc4 Ba7 13. Qc2 d5 14. Ne3 Bxe3 15. Bxe3 Qd7 {1-0 (44) Vachier Lagrave,M (2789)-Kramnik,V (2792) Paris 2018}) 8... h6 9. Re1 Ba7 10. h3 {LiveBook: 4 Partien. Die Stellung ist ausgeglichen.} Be6 11. Bc2 $146 ({Vorgänger:} 11. Bxe6 fxe6 12. Be3 Bxe3 13. Rxe3 Qe8 {½-½ (84) Motylev,A (2663)-Dubov,D (2648) Sochi 2016}) 11... d5 12. Nbd2 dxe4 13. dxe4 Nh5 14. Nf1 Qf6 15. Ne3 Rad8 $1 {[%cal Rd8d1]} 16. Nd5 Qg6 $1 {Droht ...Lxh3 und aus.} 17. Kf1 f5 18. Qe2 (18. c4 $17) 18... Qf7 $19 19. c4 $2 (19. b3 {war nötig.}) 19... f4 $2 (19... Nd4 $1 $19 {[%cal Rd4e2] und Schwarz behält klar die Oberhand.} 20. Qd1 Nxf3 21. Qxf3 fxe4 22. Qxf7+ Rxf7) 20. Bd1 $17 g6 (20... g5 $17 21. b3 g4 22. hxg4 Nf6) 21. Qd3 $11 Qd7 22. Kg1 (22. b4 $11) 22... Qg7 (22... Bxh3 $15 23. Nh4 Bg4) 23. Qc3 ({Lieber} 23. b4 $14) 23... Kh7 24. a5 (24. b4 $11) 24... Bc5 (24... Rg8 $15) 25. Qb3 (25. b4 $11 Bxd5 26. bxc5 Bxe4 27. Bb2) 25... Bc8 $36 {[%mdl 2048] Schwarz kämpft um Vorteil.} 26. Qc2 {[#]} ({Günstiger ist} 26. Qa4 $15) 26... Nd4 (26... g5 $1 $19 {ist viel giftiger. zielt auf ...g4 ab.} 27. Nh2 Qg6) 27. Nxd4 Bxd4 28. Bf3 {[#]} c6 (28... Be6 $1 $17) 29. Nc3 ({Weiss braucht} 29. Nb6 $15) 29... Qe7 $19 30. Ne2 Bc5 {[%cal Bd4c5,Bc5d6,Bd6c7][%mdl 32]} 31. Bd2 $2 (31. Rf1) 31... Qh4 32. Rf1 Ng3 33. b4 Nxf1 34. Rxf1 Bd6 35. Nc1 g5 {[%cal Bg6g5,Bg5g4][%mdl 32] Schwarz steht klar auf Gewinn.} 36. c5 Bc7 37. Bc3 h5 38. Be1 g4 39. g3 Qe7 40. Be2 fxg3 41. fxg3 gxh3 42. Nd3 Qg5 {Droht stark ...De3+.} 43. Kh2 Bg4 44. Nf2 Kg7 45. Nxh3 Qe3 46. Rxf8 Rxf8 47. Ng1 Bd8 48. Kg2 Bg5 49. Bxg4 hxg4 50. Bc3 Kf6 51. Qf2+ Ke7 52. Qc2 Rd8 {Precision: Weiß = 32%, Schwarz = 49%.} 0-1